000 00796nam a2200229Ii 4500
003 JO-AjNU
008 230605s9999||||xx |||||||||||||| ||und||
017 _a2009/7527
020 _a978-99901-06-76-3
040 _aJO-AjNU
_bara
_erda
_cJO-AjNU
041 _aara
050 1 4 _aKMF1098.5.C658.K43.2009
100 3 _aخاطر، صبري حمد,
_eauthor
_953177
245 0 0 _aالنظرية العامة للالتزام : مصادر اللتزام " دراسة مقارنة"
250 _aط1
264 3 1 _aالبحرين : جامعة البحرين ، 2009
300 _a478ص
336 _atext
_btxt
_2rdacontent
337 _aunmediated
_bn
_2rdamedia
338 _avolume
_bnc
_2rdacarrier
650 4 _aالالتزامات -- قوانين وتشريعات -- البحرين
_953178
999 _aA23601
_c27169
_d27169